000 00309nam a2200133Ia 4500
100 _aSchildt/ Herbert
942 _cBK
654 _aComputer
245 _aThe Complete Reference 3rd ed
260 _bObsorne/ McGraw - Hill
_aBerkeley
_c1995
082 _a005.13'C'
_bSCH
546 _aENGLISH
999 _c19992
_d19992